<?xml version="1.0" encoding="UTF-8"?>
<record
    xmlns:xsi="http://www.w3.org/2001/XMLSchema-instance"
    xsi:schemaLocation="http://www.loc.gov/MARC21/slim http://www.loc.gov/standards/marcxml/schema/MARC21slim.xsd"
    xmlns="http://www.loc.gov/MARC21/slim">

  <leader>00697nab a2200205 uc4500</leader>
  <controlfield tag="001">138613</controlfield>
  <controlfield tag="005">20241106091116.0</controlfield>
  <controlfield tag="008">970908e19960401                    spa  </controlfield>
  <datafield tag="035" ind1=" " ind2=" ">
    <subfield code="a">138613</subfield>
  </datafield>
  <datafield tag="035" ind1=" " ind2=" ">
    <subfield code="a">(OCoLC)819753720</subfield>
  </datafield>
  <datafield tag="040" ind1=" " ind2=" ">
    <subfield code="c">comduadb</subfield>
  </datafield>
  <datafield tag="041" ind1=" " ind2=" ">
    <subfield code="a">spa</subfield>
  </datafield>
  <datafield tag="100" ind1="1" ind2="0">
    <subfield code="a">Romero Rojas, Jairo Alberto</subfield>
    <subfield code="4">aut</subfield>
    <subfield code="e">aut</subfield>
    <subfield code="9">290302</subfield>
  </datafield>
  <datafield tag="245" ind1="1" ind2="0">
    <subfield code="a">Ensayo rapido de DBO</subfield>
  </datafield>
  <datafield tag="650" ind1=" " ind2=" ">
    <subfield code="a">DBO (Demanda bioqu&#xED;mica de ox&#xED;geno)</subfield>
    <subfield code="9">89791</subfield>
  </datafield>
  <datafield tag="650" ind1=" " ind2="7">
    <subfield code="a">Aguas residuales</subfield>
    <subfield code="x">Tratamiento</subfield>
    <subfield code="2">embne</subfield>
    <subfield code="9">36403</subfield>
  </datafield>
  <datafield tag="700" ind1="1" ind2="0">
    <subfield code="a">Gonzalez M., Lucy E.</subfield>
    <subfield code="4">aut</subfield>
    <subfield code="e">aut</subfield>
    <subfield code="9">268900</subfield>
  </datafield>
  <datafield tag="773" ind1="0" ind2=" ">
    <subfield code="t">Revista de la Escuela Colombiana de Ingenier&#xED;a (Bogot&#xE1;)</subfield>
    <subfield code="g">Vol. 06, No. 22, Abr.-Jun. 1996, p. 12-17</subfield>
    <subfield code="w">132655</subfield>
    <subfield code="x">0121-5132</subfield>
    <subfield code="0">71801</subfield>
  </datafield>
  <datafield tag="942" ind1=" " ind2=" ">
    <subfield code="c">ARIMP</subfield>
  </datafield>
  <datafield tag="999" ind1=" " ind2=" ">
    <subfield code="c">66294</subfield>
    <subfield code="d">66294</subfield>
  </datafield>
</record>
